00755nam a2200205Ia 450000500170000000800410001702000220005804000190008004100120009908200180011124501290012926000600025830000290031844000280034750400500037565000480042565100440047370000220051785000100053920230424112618.0131103s9999 xx 000 0 und d a195634314cRs.145 aLoreto College aEnglish a338.954 bROY aEconomic development and environmentb a case study of India cedited by Kartik C.Ray,Clement A..Tisdell [and] Raj Kumar Sen aCalcuttabOxford University Pressc1992 (1995 printing) axvi,164 p.b ill.,tables aOxford India Paperbacks aIncludes bibliographical references and index aEconomics - Economic Policy and Development aIndia - Economic Policy and Development aRoy,Kartik C.,ed. aLCLIB